| 000 | 00000nam##2200000za#4500 |
| 001 | 9.680134 |
| 003 | CaOODSP |
| 005 | 20200330063120 |
| 007 | ta |
| 008 | 150407|1997||||xxc||||| f|0| 0 fre|d |
| 020 | |a0-662-82100-9 |
| 040 | |aCaOODSP|bfre |
| 043 | |an-cn--- |
| 086 | 1 |aH68-42/1997F |
| 110 | 1 |aCanada.|bSanté Canada. |bConsei national du bien-être social. |
| 245 | 10|aParents en santé, bébés en santé : |brapport du Conseil national du bien-être social |
| 260 | |aOttawa - Ontario : |bSanté Canada. |c1997. |
| 300 | |a48p. : |bréférences, tableaux ; |c28 cm. |
| 500 | |a«Ce premier rapport porte sur les questions avant et après la grossesse et au cours de la première année de vie. La première partie de l'étude est consacrée à la question de l'insuffisance pondérale à la naissance et aux nombreux problèmes qui y sont associés. La deuxième partie traite du sain développement de l'enfant et de questions connexes qui concernent les parents et les enfants. Le rapport met l'accent sur les «interventions» tentées, au Canada et à l'étranger, qui ont permis d'apporter des réponses aux problèmes les plus graves qui touchent les familles à ces stades de leur vie.»--Page 2. |
| 520 | 3 |aCe premier rapport porte sur les questions avant et après la grossesse et au cours de la première année de vie. La première partie de l'étude est consacrée à la question de l'insuffisance pondérale à la naissance et aux nombreux problèmes qui y sont associés. La deuxième partie traite du sain développement de l'enfant et de questions connexes qui concernent les parents et les enfants. Le rapport met l'accent sur les interventions tentées, au Canada et à l'étranger, qui ont permis d'apporter des réponses aux problèmes les plus graves qui touchent les familles à ces stades de leur vie.--Page 2 |
| 563 | |aCouverture souple |
| 590 | |a97-28|b1997-07-11 |
| 775 | 08|tHealthy parents, healthy babies : |w(CaOODSP)9.646607 |
| 776 | 0#|tParents en santé, bébés en santé |w(CaOODSP)9.640703 |